| 000 | 00338nam a22001097a 4500 | ||
|---|---|---|---|
| 008 | 230629b xxu||||| |||| 00| 0 eng d | ||
| 082 |
_a338.9 _bMUN |
||
| 245 | _aRevenue Impacts of the Economic Partnership Agreement Between the European Union and Eastern and Southern African Countries | ||
| 300 | _aIV,24p | ||
| 440 | _n2 | ||
| 942 |
_2ddc _cBK |
||
| 999 |
_c2997 _d2997 |
||